000
00461nam a2200181Ia 4500
008
100917s9999 xx 000 0 und d
082
_b
34600
100
_a
सरदेसाई मनोहर
245
_a
वैशाली
260
_b
नुतन प्रकाशन
_c
1978
300
_a
122
365
_b
10
520
_a
कथा
630
_a
वैशाली
650
_a
कथा
730
_a
वैशाली
942
_c
BOOK
999
_c
639994
_d
639991